=LDR 00000nam 2200000 4500 =001 INLIS000000000006190 =005 20251105012623 =035 ##$$a 0010-1125000064 =007 ta =008 251105###########################0#ind## =082 ##$$a 304.6 =084 ##$$a 304.6 BAD s =100 #$$a Badan Koordinasi Keluarga Berencana Nasional =245 1#$$a Statement By The Head Of Indonesian Delegation To The Second Session Of The Committee On Population and Social Development /$c Badan Koordinasi Keluarga Berencana Nasional =260 ##$:$b Badan Koordinasi Keluarga Berencana Nasional,$c 1990 =300 ##$$a 4 Hal : $b Ilus ; $c 21 =650 #4$$a Keluarga Berencana =856 ##$$a Perpustakaan Kemendukbangga